[Event "New Delhi Parsvnath op 10th"]
[Site "New Delhi"]
[Date "2012.01.16"]
[Round "3"]
[White "Deshpande, Aniruddha"]
[Black "Barun, Pal"]
[Result "1-0"]
[WhiteElo "2242"]
[BlackElo "1877"]
[PlyCount "111"]
[EventDate "2012.01.15"]
[EventType "swiss"]
[EventRounds "11"]
[EventCountry "IND"]
[SourceTitle "CBM 146 Extra"]
[Source "ChessBase"]
[SourceDate "2012.02.29"]
[SourceVersion "1"]
[SourceVersionDate "2012.02.29"]
[SourceQuality "1"]

1. d4 d5 2. Nf3 Nc6 3. c4 Bg4 4. Nc3 e6 5. h3 Bf5 6. Bf4 Bd6 7. cxd5 exd5 8. Nxd5 Be4 9. Bxd6 Qxd6 10. Nc3 Bxf3 11. exf3 Qxd4 12. Bb5 Qe5+ 13. Qe2 Qxe2+ 14. Nxe2 Nge7 15. Nd4 0-0 16. Nxc6 bxc6 17. Bd3 Rab8 18. 0-0-0 Rfd8 19. Rhe1 Nd5 20. Be4 Kf8 21. g3 Rd6 22. a3 Nf6 23. Kb1 Nxe4 24. fxe4 Ke7 25. Rc1 Rd2 26. Rc2 Rxc2 27. Kxc2 Rd8 28. Rd1 Rd6 29. Rd3 Kd7 30. Kd2 f6 31. Ke3 Kc8 32. f4 Kd7 33. Rc3 g6 34. g4 Ke6 35. h4 h6 36. Rc5 Kd7 37. g5 hxg5 38. hxg5 Re6 39. gxf6 Rxf6 40. Rg5 Re6 41. b4 Kc8 42. e5 Kb7 43. Ke4 a5 44. f5 gxf5+ 45. Kxf5 Re8 46. Kf6 axb4 47. axb4 Rf8+ 48. Kg7 Rf4 49. e6 Rxb4 50. e7 Re4 51. Kf6 Rxe7 52. Kxe7 Kb6 53. Ke6 c5 54. Kd5 Kb5 55. Rg6 c4 56. Rc6 1-0

[Event "Jalgaon op"]
[Site "Jalgaon"]
[Date "2010.11.24"]
[Round "2"]
[White "Saurabh, Kherdekar"]
[Black "Barun, Pal"]
[Result "1-0"]
[WhiteElo "2339"]
[BlackElo "1805"]
[PlyCount "41"]
[EventDate "2010.11.23"]
[EventType "swiss"]
[EventRounds "11"]
[EventCountry "IND"]
[SourceTitle "CBM 139 Extra"]
[Source "ChessBase"]
[SourceDate "2011.01.05"]
[SourceVersion "1"]
[SourceVersionDate "2011.01.05"]
[SourceQuality "1"]

1. g3 Nf6 2. Bg2 d5 3. Nf3 e6 4. 0-0 Be7 5. c4 dxc4 6. Na3 c6 7. Nxc4 b5 8. Nce5 Bb7 9. b3 0-0 10. Bb2 c5 11. Qc2 Be4 12. d3 Bb7 13. Rfd1 Nd5 14. d4 f6 15. Nd3 Nb4 16. Nxb4 cxb4 17. Ng5 fxg5 18. Bxb7 Nd7 19. Bxa8 Qxa8 20. Rac1 Bd6 21. Qc6 1-0